| 000 -CABECERA |
| fixed length control field |
01140nam a22002177a 4500 |
| 003 - IDENTIFICADOR DEL NÚMERO DE CONTROL |
| control field |
AR-CdUCM |
| 008 - DATOS DE LONGITUD FIJA--INFORMACIÓN GENERAL |
| fixed length control field |
190425b ||||| |||| 00| 0 spa d |
| 040 ## - FUENTE DE LA CATALOGACIÓN |
| Agencia/entidad que catalogó originalmente la obra |
MUNICIPALIDAD PROVINCIAL DEL CUSCO |
| Entidad que transcribió la catalogación |
BIBLIOTECA MUNICIPAL DEL CUSCO |
| 082 ## - NÚMERO DE LA CLASIFICACIÓN DECIMAL DEWEY |
| No. de Clasificación |
Qollana/N°7/1998 |
| 245 ## - MENCIÓN DE TÍTULO |
| Título |
Qollana : |
| Resto del título |
revista de Antropología / |
| Mención de responsabilidad |
Rosa Muñiz Yábar, Directora |
| 260 ## - PUBLICACIÓN, DISTRIBUCIÓN, ETC. |
| Lugar de publicación, distribución, etc. |
Cusco. |
| Nombre de la editorial, distribuidor, etc. |
Qollana, |
| Fecha de publicación, distribución, etc. |
1998. |
| 300 ## - DESCRIPCIÓN FÍSICA |
| Nº de Páginas Extensión |
22 páginas. : |
| Otros detalles físicos |
ilustraciones ; |
| Dimensiones |
30 cm. |
| 440 ## - MENCIÓN DE SERIE/PUNTO DE ACCESO ADICIONAL--TÍTULO |
| Título |
Qollana. |
| Número de la parte/sección de una obra |
Informe especial de Qollana, 1998. |
| 9 (RLIN) |
47665 |
| 505 ## - NOTA DE CONTENIDO CON FORMATO |
| Nota de contenido formateada |
Contenido: Eco turismo en el nuevo milenio. -- La metáfora de la montaña. -- Informe del primer congreso extraordinario de Defensa del Patrimonio Cultural y Monumental del Perú conservemos Machupicchu. -- Herpéfauna preliminar del Santuario Histórico de Machupicchu. -- Política turística y tendencias del mercado para el próximo milenio. -- Positiva labor del INC Cusco. -- El patrimonio natural en el Perú. -- Juchuy Qosqo. |
| 650 ## - PUNTO DE ACCESO ADICIONAL DE MATERIA--TÉRMINO DE MATERIA |
| Descriptor |
Turismo cusqueño |
| 9 (RLIN) |
45817 |
| 650 ## - PUNTO DE ACCESO ADICIONAL DE MATERIA--TÉRMINO DE MATERIA |
| Descriptor |
Machupicchu |
| 9 (RLIN) |
1751 |
| 650 ## - PUNTO DE ACCESO ADICIONAL DE MATERIA--TÉRMINO DE MATERIA |
| Descriptor |
Siglo XX |
| 9 (RLIN) |
47561 |
| 700 ## - PUNTO DE ACCESO ADICIONAL--NOMBRE DE PERSONA |
| Nombre Personal |
Julien, Catherine J |
| 9 (RLIN) |
47666 |
| 942 ## - ELEMENTOS DE PUNTO DE ACCESO ADICIONAL (KOHA) |
| Fuente de clasificación |
|
| Tipo de item |
Revistas cusqueñas |
| 945 ## - PROCESAMIENTO DE INFORMACIÓN LOCAL (OCLC) |
| Catalogador |
rac |